|
|
|
|
| LEADER |
02574nam a22005055i 4500 |
| 001 |
978-3-642-44967-3 |
| 003 |
DE-He213 |
| 005 |
20151030091042.0 |
| 007 |
cr nn 008mamaa |
| 008 |
140304s2014 gw | s |||| 0|eng d |
| 020 |
|
|
|a 9783642449673
|9 978-3-642-44967-3
|
| 024 |
7 |
|
|a 10.1007/978-3-642-44967-3
|2 doi
|
| 040 |
|
|
|d GrThAP
|
| 050 |
|
4 |
|a QD146-197
|
| 072 |
|
7 |
|a PNK
|2 bicssc
|
| 072 |
|
7 |
|a SCI013030
|2 bisacsh
|
| 082 |
0 |
4 |
|a 546
|2 23
|
| 245 |
1 |
0 |
|a Metal-Organic Frameworks for Photonics Applications
|h [electronic resource] /
|c edited by Banglin Chen, Guodong Qian.
|
| 264 |
|
1 |
|a Berlin, Heidelberg :
|b Springer Berlin Heidelberg :
|b Imprint: Springer,
|c 2014.
|
| 300 |
|
|
|a VII, 189 p. 107 illus., 69 illus. in color.
|b online resource.
|
| 336 |
|
|
|a text
|b txt
|2 rdacontent
|
| 337 |
|
|
|a computer
|b c
|2 rdamedia
|
| 338 |
|
|
|a online resource
|b cr
|2 rdacarrier
|
| 347 |
|
|
|a text file
|b PDF
|2 rda
|
| 490 |
1 |
|
|a Structure and Bonding,
|x 0081-5993 ;
|v 157
|
| 505 |
0 |
|
|a Design and Construction of Metal-Organic Frameworks -- Luminescent Properties and Applications of Metal-Organic Frameworks -- Metal-Organic Frameworks for Photocatalysis -- Photochemical Transformation within Metal-Organic Frameworks -- Metal-Organic Frameworks for Nonlinear Optics -- Host-Guest Metal-Organic Frameworks for Photonics.
|
| 520 |
|
|
|a Xiao-Ming Chen, Jie-Peng Zhang Metal-Organic Frameworks: From Design to Materials Yuanjing Cui, Banglin Chen, Guodong Qian Luminescent Properties and Applications of Metal-Organic Frameworks Teng Zhang, Wenbin Lin Metal-Organic Frameworks for Photocatalysis Raghavender Medishetty, Jagadese J. Vittal Metal-organic frameworks for photochemical reactions Du Shaowu, Zhang Huabin Metal-Organic Frameworks for Second-Order Nonlinear Optics Kenji Hirai, Paolo Falcaro, Susumu Kitagawa, Shuhei Furukawa Host-Guest Metal-Organic Frameworks for Photonics.
|
| 650 |
|
0 |
|a Chemistry.
|
| 650 |
|
0 |
|a Inorganic chemistry.
|
| 650 |
|
0 |
|a Catalysis.
|
| 650 |
|
0 |
|a Lasers.
|
| 650 |
|
0 |
|a Photonics.
|
| 650 |
1 |
4 |
|a Chemistry.
|
| 650 |
2 |
4 |
|a Inorganic Chemistry.
|
| 650 |
2 |
4 |
|a Laser Technology, Photonics.
|
| 650 |
2 |
4 |
|a Catalysis.
|
| 700 |
1 |
|
|a Chen, Banglin.
|e editor.
|
| 700 |
1 |
|
|a Qian, Guodong.
|e editor.
|
| 710 |
2 |
|
|a SpringerLink (Online service)
|
| 773 |
0 |
|
|t Springer eBooks
|
| 776 |
0 |
8 |
|i Printed edition:
|z 9783642449666
|
| 830 |
|
0 |
|a Structure and Bonding,
|x 0081-5993 ;
|v 157
|
| 856 |
4 |
0 |
|u http://dx.doi.org/10.1007/978-3-642-44967-3
|z Full Text via HEAL-Link
|
| 912 |
|
|
|a ZDB-2-CMS
|
| 950 |
|
|
|a Chemistry and Materials Science (Springer-11644)
|